000 00773nam a2200205Ia 4500
003 GCL
008 140319s9999 xx 000 0 ara d
040 _aGCL /
_cGCL
082 0 4 _a028.5
_bم ث
100 1 _aمركز تنمية الكتاب العربى
245 1 0 _aالثقافة العلمية فى كتب الاطفال: القاهرة من 29 نوفمبر - 2 ديسمبر 1984م /
_cمركز تنمية الكتاب العربى
260 _a[S.N] :
_bالهيئة المصرية العامة للكتاب ،
_c1985
300 _a250 ص
490 _aالحلقةالدراسية الاقليمية
_v0
650 0 4 _aالاطفال
650 0 4 _aتعليم الاطفال
650 0 4 _aالثقافة
650 0 4 _aكتب الاطفال
942 _2ddc
_cBK
999 _c32612
_d32612